000 00417pab a2200169 454500
008 180718b2013 xxu||||| |||| 00| 0 eng d
100 _aMudaragi, Mukud
245 _aWTO and Indian textile industry
260 _c2013
300 _ap.24-27.
362 _aMay
650 _aIndia - Textile industries
650 _aTextiles
650 _aWorld Trade Organization
773 _aThird Concept
909 _a114074
999 _c114068
_d114068